|
|
|
|
| LEADER |
00000ny a22000003n 4500 |
| 005 |
20110511122937.0 |
| 008 |
091221s us 000 eng d |
| 022 |
|
|
|a 0360-0114
|
| 035 |
|
|
|a 2949
|
| 040 |
|
|
|a DLC
|c DLC
|d vLex
|
| 050 |
0 |
0 |
|a KF200
|b .F46
|
| 050 |
0 |
0 |
|a KF200
|b .F46
|
| 090 |
|
|
|c 1652
|d 1652
|
| 110 |
2 |
|
|a Florida Bar
|
| 245 |
3 |
0 |
|a Florida bar news
|h [Recurso electrn̤ico]
|
| 256 |
|
|
|a Servicio en ln̕ea
|
| 260 |
|
|
|a Tallahassee :
|b Florida Bar
|
| 506 |
1 |
|
|a Contenido solo disponible en los productos indicados
|d vLex Global
|d vLex Global (Academic Edition, excluding Law Schools)
|d vLex Global (Academic Edition, Law Schools)
|
| 650 |
0 |
4 |
|a Bares
|z Florida
|z Publicaciones perid̤icas
|
| 650 |
0 |
4 |
|a Law
|
| 740 |
0 |
|
|a vLex Revista (Servicios en ln̕ea)
|
| 843 |
|
|
|a Electrn̤ica. Cerrada
|
| 853 |
|
|
|8 1
|i (year)
|j (month)
|k (day)
|
| 856 |
4 |
0 |
|u http://vlex.com/source/2949
|z Acceso restringido
|
| 942 |
|
|
|c REV
|
| 999 |
|
0 |
|a Bar associations
|z Florida
|v Periodicals.
|